[Event "Galatasaray Blitz Chess Tournament"]
[Site "Istanbul"]
[Date "2019.03.24"]
[Round "14.5"]
[White "Aghamaliyev, Cemil"]
[Black "Dastan, Muhammed Batuhan"]
[Result "0-1"]
[WhiteElo "2493"]
[BlackElo "2561"]
[Annotator "TA"]
[PlyCount "63"]
[EventDate "2019.03.24"]
[EventType "swiss"]
[EventCountry "TUR"]
[SourceTitle "playchess.com"]
[Source "ChessBase"]
[SourceQuality "1"]

{[%evp 15,63,27,71,8,14,8,81,39,43,16,23,0,129,129,452,444,447,457,441,457,439,208,207,57,57,0,205,0,55,75,388,376,397,388,370,373,618,622,579,365,367,313,299,284,410,375,397,396,660,-1775]} 1. e4 c5 2. Nc3 d6 3. f4 Nf6 4. Nf3 Nc6 5. Bb5 e6 6. Bxc6+ bxc6 7. d3 Be7 8. O-O O-O {LiveBook: 5 Games} 9. Kh1 {B23: Closed Sicilian: Lines without g3} ({White should play} 9. e5 $16) 9... d5 $146 ({Predecessor:} 9... a5 10. b3 Ba6 11. Qe1 a4 12. Nxa4 c4 13. e5 Nd7 14. dxc4 Bxc4 15. Rf2 Bb5 16. Nc3 dxe5 {1-0 (31) Dimitrijevic,N (2248)-Sredojevic,I (2351) Novi Sad 2018}) 10. Qe2 dxe4 (10... Ba6 $11 {keeps the balance.}) 11. dxe4 {White is better.} Qb6 12. Qf2 Ba6 {Hoping for ...Ng4.} 13. Re1 g6 {[#]} (13... c4 $11 14. Qg3 Rfd8) 14. f5 $1 $16 {[%mdl 512]} c4 $2 {[%mdl 8192]} (14... exf5 $16 15. exf5 Bd8) 15. Qh4 $18 exf5 16. exf5 Bd8 17. Bg5 Nh5 18. Bxd8 (18. g4 $142) 18... Qxd8 19. Qf2 (19. Re7 $18 {Threatens to win with g4.} Qb6 20. Rf1) 19... Qb6 $14 20. Qh4 (20. Qxb6 $14 axb6 21. Ne5) 20... Qd8 $1 $18 21. Qf2 (21. Re7 $18 Qb8 22. Rf1) 21... Qb6 $14 22. Qd2 {[#] And now Qh6 would win.} Kg7 $2 {[%mdl 8192]} (22... Rae8 $16 {is a better chance.}) 23. Ne4 $18 {[%cal Bc3e4,Be4g5,Bg5e6][%mdl 32]} Rad8 24. Qc3+ f6 25. Neg5 Rfe8 $2 (25... Nf4 26. g3 (26. Re7+ Kg8 $16) 26... Nd5 27. Ne6+ Kg8) 26. Ne6+ Rxe6 27. fxe6 {[%cal Bf5e6,Be6e7][%mdl 32]} Nf4 28. e7 Re8 29. Qd4 Qc7 (29... Nd5 {might work better.} 30. Rab1 h6) 30. Ng5 Bc8 31. Rad1 {aiming for Qd8.} c5 $2 (31... Nd5 32. Qxc4 fxg5) 32. Ra1 $4 {[%mdl 8192] Precision: White = 49%, Black = 52%.} (32. Qd8 $18 Qc6 33. Ne4) 0-1

[Event "Galatasaray Blitz Chess Tournament"]
[Site "Istanbul"]
[Date "2019.03.24"]
[Round "15.1"]
[White "Aghamaliyev, Cemil"]
[Black "Gokerkan, Cem Kaan"]
[Result "1/2-1/2"]
[WhiteElo "2493"]
[BlackElo "2419"]
[Annotator "TA"]
[PlyCount "69"]
[EventDate "2019.03.24"]
[EventType "swiss"]
[EventCountry "TUR"]
[SourceTitle "playchess.com"]
[Source "ChessBase"]
[SourceQuality "1"]

{[%evp 21,69,29,61,37,104,5,33,41,42,46,54,48,56,48,53,16,18,19,23,0,0,0,0,0,42,42,42,42,42,42,44,45,45,45,47,42,47,47,47,47,47,49,47,47,58,47,47,43,43,31]} 1. e4 c5 2. Nc3 Nc6 3. Nf3 g6 4. d4 cxd4 5. Nxd4 Bg7 6. Be3 Nf6 7. Bc4 O-O 8. Bb3 d5 9. exd5 {B35: Sicilian: Accelerated Dragon with 5 Nc3: main line} Na5 10. Qf3 (10. O-O Nxb3 11. Nxb3 b6 12. d6 e6 13. Qf3 Rb8 14. Rfd1 Bb7 15. Qh3 Rc8 16. Bd4 Nd5 17. Nxd5 Bxd5 18. Bxg7 Kxg7 {1-0 (34) Vachier Lagrave,M (2796)-Gelfand,B (2719) Palma de Mallorca 2017 CBM 182 [Yermolinsky,A]}) 10... Bg4 11. Qg3 Bh5 {LiveBook: 3 Games} 12. d6 e5 $146 {[#]} ({Black should play} 12... exd6 $14 13. O-O Re8) ({Predecessor:} 12... exd6 13. O-O Nxb3 14. Nxb3 Re8 15. Bd4 Be2 16. Nxe2 Rxe2 {0-1 (51) Ganguly,S (2614)-Barnaure,V (2513) Abu Dhabi 2014}) 13. Nf3 ({Of course not} 13. Qxe5 Re8 $11) (13. Ndb5 $1 $16) 13... Bxf3 14. Qxf3 {0-0-0 is the strong threat.} Qxd6 15. O-O Qc6 16. Qxc6 Nxc6 17. Rad1 Rfd8 18. Nd5 {Hoping for Bg5.} (18. Rfe1 {is more complex.} Nd4 19. Bxd4 exd4 20. Nb5 d3 21. Rxd3 Rxd3 22. cxd3 Re8 23. Kf1) 18... Nd4 19. Bxd4 exd4 20. Rxd4 Nxd5 21. Rxd5 Bxb2 22. Rfd1 Bf6 23. Rd7 {White is slightly better.} Rxd7 24. Rxd7 $14 {[%mdl 4096] Endgame KRB-KRB} Rd8 25. Bxf7+ Kf8 26. Rxd8+ Bxd8 {KB-KB} 27. Bd5 b6 28. g3 Be7 29. f4 h5 30. Kg2 Kg7 31. Kf3 Kf6 32. h3 Bc5 33. g4 hxg4+ 34. hxg4 g5 35. Ke4 {Precision: White = 44%, Black = 48%.} 1/2-1/2

[Event "Galatasaray Blitz Chess Tournament"]
[Site "Istanbul"]
[Date "2019.03.24"]
[Round "15.2"]
[White "Dastan, Muhammed Batuhan"]
[Black "Ozturk, Kubra"]
[Result "1-0"]
[WhiteElo "2561"]
[BlackElo "2344"]
[Annotator "TA"]
[PlyCount "51"]
[EventDate "2019.03.24"]
[EventType "swiss"]
[EventCountry "TUR"]
[SourceTitle "playchess.com"]
[Source "ChessBase"]
[SourceQuality "1"]

{[%evp 18,51,24,29,58,56,75,52,48,69,84,80,95,95,110,85,83,85,79,80,83,100,126,104,118,120,114,91,226,222,197,209,360,349,364,358]} 1. d4 d5 2. Bf4 Nf6 3. e3 e6 4. Nf3 Bd6 5. Bg3 c5 6. Nbd2 O-O 7. c3 Nc6 8. Bd3 Qe7 9. Ne5 cxd4 10. exd4 Bxe5 {D02: 1 d4 d5 2 Nf3 sidelines, including 2...Nf6 3 g3 and 2...Nf6 3 Bf4} (10... g6 11. O-O Nh5 12. Nxc6 bxc6 13. Bxd6 Qxd6 14. Re1 c5 15. dxc5 {½-½ (15) Real de Azua,E (2487)-Paveto,K (2442) Buenos Aires 2018}) 11. dxe5 Nd7 $1 12. f4 $146 ({Predecessor:} 12. Qc2 f5 13. f4 a6 14. O-O-O b5 15. Bf2 b4 16. c4 b3 17. Qxb3 Nc5 18. Qa3 Nxd3+ 19. Qxd3 {½-½ (71) Wijekoon,C (1997)-De Moraes,S (1858) Ambalangoda 2012}) 12... f6 {White is slightly better.} 13. exf6 Qxf6 14. O-O Nc5 15. Bc2 a5 16. Qe2 b6 17. Rfe1 Ba6 18. Qf3 Rae8 19. Rad1 Bb7 20. Qh5 g6 21. Qh6 Ne7 22. Nf3 {Hoping for Ng5.} Ne4 (22... Nf5 $16 23. Bxf5 Qxf5) 23. Bxe4 $40 {[%mdl 128] White goes for the king.} dxe4 24. Ng5 {[%csl Gg5][%cal Rh6h7][%mdl 64] [#] Double Attack} Qg7 $2 (24... Qh8 25. Nxe4 (25. Rd7 Bc8 $16) 25... Nf5) 25. Qxg7+ Kxg7 26. Nxe6+ {[%mdl 64] Double Attack. Accuracy: White = 69%, Black = 51%.} 1-0

[Event "Galatasaray Blitz Chess Tournament"]
[Site "Istanbul"]
[Date "2019.03.24"]
[Round "15.3"]
[White "Ozer, Omer Faruk"]
[Black "Gulbas, Cemil"]
[Result "0-1"]
[WhiteElo "2369"]
[BlackElo "2404"]
[Annotator "NA"]
[PlyCount "86"]
[EventDate "2019.03.24"]
[EventType "swiss"]
[EventCountry "TUR"]
[SourceTitle "playchess.com"]
[Source "ChessBase"]
[SourceQuality "1"]
[TimeControl "180+2"]

1. e4 {[%emt 0:00:02]} d6 {[%emt 0:00:00]} 2. d4 {[%emt 0:00:01]} Nf6 {[%emt 0:00:00]} 3. Nc3 {[%emt 0:00:01]} g6 {[%emt 0:00:00]} 4. Bg5 {[%emt 0:00:01]} h6 {[%emt 0:00:05]} 5. Bxf6 {[%emt 0:00:02]} exf6 {[%emt 0:00:00]} 6. Bd3 {[%emt 0:00:05]} Bg7 {[%emt 0:00:02]} 7. Nge2 {[%emt 0:00:00]} c6 {[%emt 0:00:01]} 8. O-O {[%emt 0:00:11]} O-O {[%emt 0:00:02]} 9. f4 {[%emt 0:00:09]} Re8 {[%emt 0:00:25]} 10. f5 {[%emt 0:00:03]} Nd7 {[%emt 0:00:06]} 11. Kh1 {[%emt 0:00:02]} Nf8 {[%emt 0:00:03]} 12. Nf4 {[%emt 0:00:18]} Qb6 {[%emt 0:00:05]} 13. fxg6 {[%emt 0:01:04]} fxg6 {[%emt 0:00:04]} 14. Bc4+ {[%emt 0:00:04]} Kh7 {[%emt 0:00:08]} 15. Bb3 {[%emt 0:00:04]} f5 {[%emt 0:00:11]} 16. exf5 {[%emt 0:00:33]} Bxf5 {[%emt 0:00:02]} 17. Nce2 {[%emt 0:00:01]} d5 {[%emt 0:00:06]} 18. c3 {[%emt 0:00:02]} Re3 {[%emt 0:00:48]} 19. Ng3 {[%emt 0:00:02]} Bd7 {[%emt 0:00:16]} 20. Nd3 {[%emt 0:00:16]} Rae8 {[%emt 0:00:08]} 21. Bc2 {[%emt 0:00:03]} Bc8 {[%emt 0:00:08]} 22. Rf7 {[%emt 0:00:20]} Be6 {[%emt 0:00:07]} 23. Rf3 {[%emt 0:00:02]} Bg4 {[%emt 0:00:05]} 24. Qf1 {[%emt 0:00:10]} Bxf3 {[%emt 0:00:03]} 25. gxf3 {[%emt 0:00:01]} Qd8 {[%emt 0:00:21]} 26. f4 {[%emt 0:00:02]} Qh4 {[%emt 0:00:09]} 27. Kg2 {[%emt 0:00:00]} Ne6 {[%emt 0:00:11]} 28. f5 {[%emt 0:00:06]} Ng5 {[%emt 0:00:02]} 29. fxg6+ {[%emt 0:00:03]} Kg8 {[%emt 0:00:02]} 30. Nf2 {[%emt 0:00:06]} Rf8 {[%emt 0:00:02]} 31. Re1 {[%emt 0:00:03]} Ref3 {[%emt 0:00:02]} 32. Re2 {[%emt 0:00:00]} c5 {[%emt 0:00:12]} 33. dxc5 {[%emt 0:00:02]} d4 {[%emt 0:00:00]} 34. Bb3+ {[%emt 0:00:01]} Kh8 {[%emt 0:00:00]} 35. Qe1 {[%emt 0:00:02]} dxc3 {[%emt 0:00:05]} 36. bxc3 {[%emt 0:00:02]} Bxc3 {[%emt 0:00:01]} 37. Qc1 {[%emt 0:00:00]} Bg7 {[%emt 0:00:05]} 38. Bd5 {[%emt 0:00:04]} Rxf2+ {[%emt 0:00:03]} 39. Rxf2 {[%emt 0:00:02]} Rxf2+ {[%emt 0:00:01]} 40. Kxf2 {[%emt 0:00:02]} Qxh2+ {[%emt 0:00:03]} 41. Kf1 {[%emt 0:00:04]} Qxg3 {[%emt 0:00:00]} 42. Qc4 {[%emt 0:00:02]} Qh3+ {[%emt 0:00:01]} 43. Ke1 {[%emt 0:00:02]} Qc3+ {[%emt 0:00:04]} 0-1

[Event "Galatasaray Blitz Chess Tournament"]
[Site "Istanbul"]
[Date "2019.03.24"]
[Round "15.4"]
[White "Arat, Ufuk Sezen"]
[Black "Tuncer, Tuna"]
[Result "0-1"]
[WhiteElo "2368"]
[BlackElo "2371"]
[Annotator "NA"]
[PlyCount "78"]
[EventDate "2019.03.24"]
[EventType "swiss"]
[EventCountry "TUR"]
[SourceTitle "playchess.com"]
[Source "ChessBase"]
[SourceQuality "1"]
[TimeControl "180+2"]

1. d4 {[%emt 0:00:00]} Nf6 {[%emt 0:00:03]} 2. Nf3 {[%emt 0:00:02]} g6 {[%emt 0:00:01]} 3. Nbd2 {[%emt 0:00:01]} d5 {[%emt 0:00:01]} 4. b4 {[%emt 0:00:00]} Bg7 {[%emt 0:00:05]} 5. Bb2 {[%emt 0:00:00]} O-O {[%emt 0:00:03]} 6. e3 {[%emt 0:00:01]} Nbd7 {[%emt 0:00:13]} 7. c4 {[%emt 0:00:02]} c6 {[%emt 0:00:07]} 8. Be2 {[%emt 0:00:02]} Ne4 {[%emt 0:00:02]} 9. O-O {[%emt 0:00:08]} f5 {[%emt 0:00:20]} 10. b5 {[%emt 0:00:11]} e6 {[%emt 0:00:31]} 11. bxc6 {[%emt 0:00:32]} bxc6 {[%emt 0:00:01]} 12. Qa4 {[%emt 0:00:01]} Nb6 {[%emt 0:00:03]} 13. Qa5 {[%emt 0:00:35]} Nxd2 {[%emt 0:00:26]} 14. Nxd2 {[%emt 0:00:02]} c5 {[%emt 0:00:01]} 15. Qxc5 {[%emt 0:00:11]} Na4 {[%emt 0:00:02]} 16. Qa3 {[%emt 0:00:00]} Nxb2 {[%emt 0:00:05]} 17. Qxb2 {[%emt 0:00:01]} f4 {[%emt 0:00:03]} 18. cxd5 {[%emt 0:00:20]} exd5 {[%emt 0:00:03]} 19. Qb3 {[%emt 0:00:22]} fxe3 {[%emt 0:00:05]} 20. fxe3 {[%emt 0:00:05]} Re8 {[%emt 0:00:14]} 21. Nf3 {[%emt 0:00:01]} Bf5 {[%emt 0:00:08]} 22. Rfe1 {[%emt 0:00:37]} Rb8 {[%emt 0:00:02]} 23. Qa3 {[%emt 0:00:01]} a5 {[%emt 0:00:20]} 24. Qc1 {[%emt 0:00:18]} Rc8 {[%emt 0:00:04]} 25. Qd2 {[%emt 0:00:01]} Rc2 {[%emt 0:00:02]} 26. Qd1 {[%emt 0:00:03]} Rxe3 {[%emt 0:00:05]} 27. Bf1 {[%emt 0:00:10]} Rxe1 {[%emt 0:00:05]} 28. Qxe1 {[%emt 0:00:01]} Be4 {[%emt 0:00:00]} 29. Ne5 {[%emt 0:00:05]} Qb6 {[%emt 0:00:00]} 30. Rd1 {[%emt 0:00:04]} Bxe5 {[%emt 0:00:08]} 31. Kh1 {[%emt 0:00:01]} Bxd4 {[%emt 0:00:09]} 32. Qh4 {[%emt 0:00:01]} Bf6 {[%emt 0:00:00]} 33. Qf4 {[%emt 0:00:01]} Kg7 {[%emt 0:00:06]} 34. Re1 {[%emt 0:00:05]} Qf2 {[%emt 0:00:02]} 35. Qxf2 {[%emt 0:00:00]} Rxf2 {[%emt 0:00:01]} 36. a4 {[%emt 0:00:01]} Bf5 {[%emt 0:00:03]} 37. Kg1 {[%emt 0:00:06]} d4 {[%emt 0:00:01]} 38. Bb5 {[%emt 0:00:02]} Ra2 {[%emt 0:00:02]} 39. Rd1 {[%emt 0:00:00]} d3 {[%emt 0:00:04]} 0-1

[Event "Galatasaray Blitz Chess Tournament"]
[Site "Istanbul"]
[Date "2019.03.24"]
[Round "15.5"]
[White "Yilmazyerli, Mert"]
[Black "Yurtseven, Melih"]
[Result "0-1"]
[WhiteElo "2425"]
[BlackElo "2390"]
[Annotator "TA"]
[PlyCount "88"]
[EventDate "2019.03.24"]
[EventType "swiss"]
[EventCountry "TUR"]
[SourceTitle "playchess.com"]
[Source "ChessBase"]
[SourceQuality "1"]

{[%evp 11,88,22,37,17,65,17,28,0,26,21,13,0,-3,-16,2,-25,2,12,27,14,18,16,60,56,92,85,67,64,62,66,66,54,148,88,145,166,210,206,250,252,252,252,269,258,720,596,612,545,508,494,697,510,737,727,778,742,756,0,0,0,262,151,157,-197,-189,-238,-112,-242,-115,-544,-535,-525,-525,-29997,-29989,-29989,-29990,-29990,-29991]} 1. Nf3 d5 2. g3 Nc6 3. d4 Bf5 4. Bg2 Nb4 5. Na3 {[%cal Bb1a3,Ba3c2,Bc2e1,Be1d3][%mdl 32]} e6 6. O-O Nf6 7. c3 {D02: 1 d4 d5 2 Nf3 sidelines, including 2...Nf6 3 g3 and 2...Nf6 3 Bf4} (7. Bf4 c6 8. c3 Na6 9. Nc2 Be7 10. Ne5 h6 11. Ne1 O-O 12. N1d3 Rc8 13. b4 Nb8 14. a4 a5 {0-1 (48) Caruana,F (2829)-Kramnik,V (2769) London 2014}) 7... Na6 8. Nc2 h6 9. Nce1 {White has an edge.} c6 10. Nd3 Be7 11. Bf4 $146 ({Predecessor:} 11. Nfe5 O-O 12. Qb3 Qb6 13. Be3 Rfd8 14. c4 dxc4 15. Qxc4 {1-0 (52) Bochev,K (2123)-Glavchev,S (2131) Albena 2011}) 11... O-O 12. b4 Nb8 13. a4 Nbd7 14. a5 Bh7 15. Nfe5 Nxe5 16. Nxe5 Nd7 17. a6 Nxe5 18. axb7 (18. Bxe5 $6 b6 $11) 18... Rb8 19. Bxe5 Rxb7 20. Ra6 Qd7 21. Qa4 g5 (21... Rc8 $14) 22. g4 (22. Qxc6 $142 Bf5 23. f3) 22... f6 (22... Rc8 $142) 23. Bg3 $16 f5 24. gxf5 (24. Qxc6 f4 $14) 24... exf5 {Black wants to play ...f4.} 25. Be5 (25. Qxc6 Qxc6 26. Rxc6 f4 $16) 25... Rc8 26. Ra1 f4 27. Rxa7 Bf8 $2 (27... Bf5 28. Rxb7 Qxb7) 28. Rxb7 $18 Qxb7 29. Bh3 Re8 30. Qa6 Qf7 (30... Qxa6 $142 31. Rxa6 Bg7) 31. f3 h5 32. Qxc6 g4 33. fxg4 f3 34. Qf6 $2 (34. exf3 $18 Bc2 35. g5) 34... Qxf6 $11 35. Bxf6 fxe2 $2 {[%mdl 8192]} (35... Rxe2 $11 36. gxh5 f2+ 37. Kg2 Be4+ 38. Kg3 (38. Kf1 $2 Rd2 $19) 38... Re3+ 39. Kh4 Bd3) 36. Re1 (36. Kf2 $1 $18) 36... Bd3 $16 {[#]} 37. gxh5 $2 {[#]} (37. g5 $1 $16 {is forced if you want to stay better.}) 37... Bh6 $1 $19 38. Bh4 Be3+ (38... Bd2 $19 {...Rf8 is the strong threat.} 39. Bg2 Rf8) 39. Kh1 (39. Kg2 $17) 39... Bd2 (39... Rf8 $19 {and Black stays clearly on top.} 40. Be6+ {[%mdl 64] Double Attack} Kh7) 40. Bd7 $2 {[%mdl 8192]} (40. Rg1+ $17 {was the crucial defense.} Kh7 41. Be1 Bxe1 42. Rxe1) 40... Rf8 41. Be6+ Kh8 {( -> ...Be4+)} 42. Bh3 Bxe1 {Black mates.} 43. Bxe1 Rf1+ {[%mdl 64] Double Attack} 44. Kg2 Rxe1 {Accuracy: White = 35%, Black = 31%.} 0-1

[Event "Galatasaray Blitz Chess Tournament"]
[Site "Istanbul"]
[Date "2019.03.24"]
[Round "16.1"]
[White "Gokerkan, Cem Kaan"]
[Black "Yilmazyerli, Mert"]
[Result "0-1"]
[WhiteElo "2419"]
[BlackElo "2425"]
[Annotator "TA"]
[PlyCount "78"]
[EventDate "2019.03.24"]
[EventType "swiss"]
[EventCountry "TUR"]
[SourceTitle "playchess.com"]
[Source "ChessBase"]
[SourceQuality "1"]

{[%evp 14,78,19,10,35,43,57,30,35,31,39,35,51,44,48,36,59,73,60,56,73,45,99,97,107,93,109,96,103,-17,-5,-7,-9,-9,-9,-11,-9,-200,-193,-239,-226,-208,-136,-130,-51,-43,57,-839,-839,-758,-736,-827,-782,-907,-933,-898,-830,-2309,-2950,-5114,-5110,-29976,-29974,-29981,-29979,-29979,-29980]} 1. e4 e5 2. Nf3 Nc6 3. Bc4 Nf6 4. d3 Bc5 5. c3 d6 6. Nbd2 a6 7. Bb3 Ba7 8. Nf1 Ne7 {C54: Giuoco Piano: 4 c3 Nf6, main lines with 5 d4 and 5 d3} 9. Ng3 Ng6 10. O-O O-O {White has an edge.} 11. h3 c6 12. Re1 Be6 (12... d5 13. exd5 Nxd5 14. d4 exd4 15. Nxd4 h6 16. Bc2 Re8 17. Rxe8+ Qxe8 18. Bb3 Qe5 19. Kh2 {½-½ (42) Leko,P (2693)-Carlsen,M (2840) Doha 2016}) 13. d4 Re8 14. Be3 Qc7 15. Bg5 $146 ({Predecessor:} 15. Bc2 h6 16. Qc1 Kh7 17. Nf5 Bxf5 18. exf5 Nf8 19. dxe5 Bxe3 20. Qxe3 dxe5 21. Nxe5 {0-1 (39) Ghaziolsharif,K (2212)-Rasulov,V (2501) Teheran 2016}) 15... Bxb3 16. Qxb3 Nd7 17. h4 Ngf8 (17... h6 $14 18. h5 Ngf8) 18. Nf5 $16 Ne6 19. Rad1 Nxg5 20. Nxg5 Nf6 21. Nxf7 ({Better is} 21. Nxd6 $1 $16 Qxd6 22. Qxf7+ Kh8 23. Qxe8+ $1 {[%mdl 512]} (23. Qxb7 Qd7 $11) 23... Nxe8 24. Nf7+ {[%mdl 64] Double Attack} Kg8 25. Nxd6 Nxd6 26. dxe5) 21... Qxf7 $11 22. Qxf7+ Kxf7 23. Nxd6+ {[%mdl 64] Double Attack} Ke6 24. Nxe8 Rxe8 25. dxe5 $2 (25. g3 $11 {and White is okay.}) 25... Ng4 $1 $19 26. Rd2 Rf8 27. Ree2 Kxe5 28. g3 Nxf2 (28... Bxf2+ $17 29. Kg2 Rf7 30. Rxf2 Nxf2 31. Rxf2 Rxf2+ 32. Kxf2 Kxe4) 29. Kg2 Rf7 ({Much weaker is} 29... Nxe4 $6 30. Rd7 $16) (29... Ng4 $15) 30. Rxf2 $2 {[%mdl 8192]} (30. Rd8 $14) 30... Rxf2+ 31. Rxf2 Bxf2 32. Kxf2 Kxe4 $14 {[%mdl 4096] Endgame KP-KP} 33. Ke2 g6 34. a4 a5 35. b3 b6 36. b4 h6 37. c4 {[#]} c5 $1 {Black mates.} ({And not} 37... axb4 {[#]} 38. c5 $1 $11 {[%mdl 512]}) 38. g4 g5 39. hxg5 hxg5 {Accuracy: White = 43%, Black = 60%.} 0-1

[Event "Galatasaray Blitz Chess Tournament"]
[Site "Istanbul"]
[Date "2019.03.24"]
[Round "16.2"]
[White "Yurtseven, Melih"]
[Black "Arat, Ufuk Sezen"]
[Result "0-1"]
[WhiteElo "2390"]
[BlackElo "2368"]
[Annotator "NA"]
[PlyCount "98"]
[EventDate "2019.03.24"]
[EventType "swiss"]
[EventCountry "TUR"]
[SourceTitle "playchess.com"]
[Source "ChessBase"]
[SourceQuality "1"]
[TimeControl "180+2"]

1. d4 {[%emt 0:00:00]} Nf6 {[%emt 0:00:02]} 2. Nf3 {[%emt 0:00:03]} g6 {[%emt 0:00:02]} 3. c4 {[%emt 0:00:07]} Bg7 {[%emt 0:00:02]} 4. Nc3 {[%emt 0:00:16]} O-O {[%emt 0:00:03]} 5. e4 {[%emt 0:00:00]} d6 {[%emt 0:00:01]} 6. Be2 {[%emt 0:00:04]} Na6 {[%emt 0:00:19]} 7. Bg5 {[%emt 0:00:19]} h6 {[%emt 0:00:05]} 8. Be3 {[%emt 0:00:01]} c5 {[%emt 0:00:03]} 9. d5 {[%emt 0:00:09]} e6 {[%emt 0:00:28]} 10. h3 {[%emt 0:00:03]} exd5 {[%emt 0:00:08]} 11. exd5 {[%emt 0:00:08]} Bf5 {[%emt 0:00:12]} 12. Nd2 {[%emt 0:00:15]} Re8 {[%emt 0:00:12]} 13. a3 {[%emt 0:00:18]} Nc7 {[%emt 0:00:02]} 14. O-O {[%emt 0:00:03]} b5 {[%emt 0:00:22]} 15. Re1 {[%emt 0:00:34]} Rb8 {[%emt 0:00:08]} 16. Bf3 {[%emt 0:00:06]} a6 {[%emt 0:00:24]} 17. Rc1 {[%emt 0:00:07]} Bd3 {[%emt 0:00:05]} 18. b3 {[%emt 0:00:06]} Nd7 {[%emt 0:00:16]} 19. Nde4 {[%emt 0:00:09]} Ne5 {[%emt 0:00:00]} 20. cxb5 {[%emt 0:00:14]} axb5 {[%emt 0:00:07]} 21. Bf4 {[%emt 0:00:02]} c4 {[%emt 0:00:25]} 22. b4 {[%emt 0:00:05]} f5 {[%emt 0:00:11]} 23. Nd2 {[%emt 0:00:09]} g5 {[%emt 0:00:02]} 24. Bh2 {[%emt 0:00:00]} Qf6 {[%emt 0:00:04]} 25. Bh5 {[%emt 0:00:03]} Rf8 {[%emt 0:00:00]} 26. Nf3 {[%emt 0:00:06]} Ng6 {[%emt 0:00:05]} 27. Qd2 {[%emt 0:00:04]} Rbe8 {[%emt 0:00:02]} 28. Rxe8 {[%emt 0:00:02]} Rxe8 {[%emt 0:00:02]} 29. Ne1 {[%emt 0:00:02]} f4 {[%emt 0:00:00]} 30. Nxd3 {[%emt 0:00:08]} cxd3 {[%emt 0:00:01]} 31. Qxd3 {[%emt 0:00:02]} Ne5 {[%emt 0:00:02]} 32. Qd1 {[%emt 0:00:02]} Rf8 {[%emt 0:00:02]} 33. Ne4 {[%emt 0:00:02]} Qe7 {[%emt 0:00:02]} 34. f3 {[%emt 0:00:02]} Nc4 {[%emt 0:00:02]} 35. Kh1 {[%emt 0:00:02]} Ne3 {[%emt 0:00:02]} 36. Qd2 {[%emt 0:00:02]} Ncxd5 {[%emt 0:00:02]} 37. Bg1 {[%emt 0:00:02]} Kh8 {[%emt 0:00:02]} 38. Rc6 {[%emt 0:00:02]} Rd8 {[%emt 0:00:02]} 39. Kh2 {[%emt 0:00:02]} Nf6 {[%emt 0:00:02]} 40. Bg6 {[%emt 0:00:02]} Nc4 {[%emt 0:00:02]} 41. Qd3 {[%emt 0:00:02]} Ne5 {[%emt 0:00:02]} 42. Qc2 {[%emt 0:00:02]} Nxc6 {[%emt 0:00:02]} 43. Qxc6 {[%emt 0:00:02]} Nxe4 {[%emt 0:00:02]} 44. Bxe4 {[%emt 0:00:02]} Qe5 {[%emt 0:00:02]} 45. Qc7 {[%emt 0:00:02]} Re8 {[%emt 0:00:02]} 46. Bb6 {[%emt 0:00:09]} d5 {[%emt 0:00:01]} 47. Qc6 {[%emt 0:00:02]} dxe4 {[%emt 0:00:02]} 48. fxe4 {[%emt 0:00:02]} f3+ {[%emt 0:00:02]} 49. g3 {[%emt 0:00:02]} Qxe4 {[%emt 0:00:00]} 0-1

[Event "Galatasaray Blitz Chess Tournament"]
[Site "Istanbul"]
[Date "2019.03.24"]
[Round "16.3"]
[White "Tuncer, Tuna"]
[Black "Ozer, Omer Faruk"]
[Result "1/2-1/2"]
[WhiteElo "2371"]
[BlackElo "2369"]
[Annotator "NA"]
[PlyCount "54"]
[EventDate "2019.03.24"]
[EventType "swiss"]
[EventCountry "TUR"]
[SourceTitle "playchess.com"]
[Source "ChessBase"]
[SourceQuality "1"]
[TimeControl "180+2"]

1. e4 {[%emt 0:00:00]} e5 {[%emt 0:00:06]} 2. Nf3 {[%emt 0:00:01]} Nc6 {[%emt 0:00:00]} 3. d4 {[%emt 0:00:02]} exd4 {[%emt 0:00:03]} 4. Nxd4 {[%emt 0:00:02]} Nf6 {[%emt 0:00:05]} 5. Nxc6 {[%emt 0:00:01]} bxc6 {[%emt 0:00:01]} 6. e5 {[%emt 0:00:01]} Qe7 {[%emt 0:00:00]} 7. Qe2 {[%emt 0:00:01]} Nd5 {[%emt 0:00:02]} 8. h4 {[%emt 0:00:02]} f6 {[%emt 0:00:19]} 9. c4 {[%emt 0:00:03]} Ba6 {[%emt 0:00:09]} 10. Rh3 {[%emt 0:00:01]} fxe5 {[%emt 0:00:58]} 11. Bg5 {[%emt 0:00:02]} Qb4+ {[%emt 0:00:09]} 12. Nd2 {[%emt 0:00:28]} Nf6 {[%emt 0:00:10]} 13. O-O-O {[%emt 0:00:43]} Be7 {[%emt 0:00:33]} 14. Ra3 {[%emt 0:00:36]} Bc8 {[%emt 0:00:04]} 15. Qxe5 {[%emt 0:00:34]} O-O {[%emt 0:00:14]} 16. Bd3 {[%emt 0:00:10]} Bd6 {[%emt 0:00:24]} 17. Qe2 {[%emt 0:00:10]} a5 {[%emt 0:00:09]} 18. Ne4 {[%emt 0:00:12]} Be5 {[%emt 0:00:04]} 19. Nxf6+ {[%emt 0:00:08]} gxf6 {[%emt 0:00:01]} 20. Rb3 {[%emt 0:00:03]} Qc5 {[%emt 0:00:01]} 21. Qe4 {[%emt 0:00:07]} f5 {[%emt 0:00:01]} 22. Qe2 {[%emt 0:00:05]} a4 {[%emt 0:00:02]} 23. Be3 {[%emt 0:00:02]} Qe7 {[%emt 0:00:02]} 24. Ra3 {[%emt 0:00:02]} Rb8 {[%emt 0:00:02]} 25. Bd4 {[%emt 0:00:02]} Bf4+ {[%emt 0:00:02]} 26. Kc2 {[%emt 0:00:02]} Re8 {[%emt 0:00:02]} 27. Rxa4 {[%emt 0:00:02]} d6 {[%emt 0:00:02]} 1/2-1/2